Gandhi in champaran / (Record no. 158492)

MARC details
000 -LEADER
fixed length control field 00583nam a22001937a 4500
005 - DATE AND TIME OF LATEST TRANSACTION
control field 20181031141438.0
010 ## - LCCN (DPL NO)
LC control number ENG-124420
020 ## - INTERNATIONAL STANDARD BOOK NUMBER
International Standard Book Number 9788123023922
Terms of availability 150.00
035 ## - SYSTEM CONTROL NUMBER
System control number EN-107952
037 ## - SOURCE OF ACQUISITION
Source of stock number/acquisition DBAD/PUB.
082 ## - DEWEY DECIMAL CLASSIFICATION NUMBER
Classification number 301.153
100 ## - MAIN ENTRY--PERSONAL NAME
Personal name Tendulkar, D.G.
245 ## - TITLE STATEMENT
Title Gandhi in champaran /
Statement of responsibility, etc by D.G. Tendulkar
250 ## - EDITION STATEMENT
Edition statement Restored ed.
260 ## - PUBLICATION, DISTRIBUTION, ETC. (IMPRINT)
Place of publication, distribution, etc New Delhi
Name of publisher, distributor, etc Publications Division
Date of publication, distribution, etc 2017
270 ## - ADDRESS
Address Soochna Bhawan, CGO Complex, Lodhi Road.
City New Delhi
Postal code 10003
300 ## - PHYSICAL DESCRIPTION
Extent 115p.
Dimensions 22cm.(Hb)
Other physical details ill. picture
942 ## - ADDED ENTRY ELEMENTS (KOHA)
Source of classification or shelving scheme Dewey Decimal Classification
Item type English Books
Classification part 301.153
Call number suffix TEN
Holdings
Withdrawn status Lost status Not for loan Collection code Home library Current library Date acquired Source of acquisition Cost, normal purchase price Full call number Barcode Copy number Cost, replacement price Koha item type
    Not For Loan Non-fiction D.B.Act.Division Bawana 31/10/2018 DBAD/PUB 150.00 301.153 TEN EN-107952 1 150.00 English Books

© Delhi Public Library
Hit Counter
free hit counter